[Event "21st Delhi Open 2025"]
[Site "New Delhi IND"]
[Date "2025.06.10"]
[Round "5.1"]
[White "Nikitenko, Mihail"]
[Black "Narayanan, S.L."]
[Result "0-1"]
[WhiteTitle "GM"]
[BlackTitle "GM"]
[WhiteElo "2520"]
[BlackElo "2600"]
[WhiteFideId "13506862"]
[BlackFideId "5058422"]
[EventDate "2025.06.07"]

1. d4 Nf6 2. c4 e6 3. Nc3 Bb4 4. Qc2 d5 5. a3 Bxc3+ 6. Qxc3 O-O 7. Bg5 c5 8.
dxc5 d4 9. Qc2 e5 10. Nf3 Nc6 11. O-O-O h6 12. Bh4 Bg4 13. e3 Qe7 14. Bd3 dxe3
15. Bxf6 Qxf6 16. fxe3 Qe7 17. Be4 Qxc5 18. Qc3 Rac8 19. Rd5 Qe7 20. Rd2 b5 21.
c5 b4 22. Qc4 Be6 23. Qa6 bxa3 24. Qxa3 Na5 25. Rc2 Nc4 26. Qb4 a5 27. Qc3 Qxc5
28. Kb1 Qb6 29. Re1 f5 30. Bd3 e4 0-1

[Event "21st Delhi Open 2025"]
[Site "New Delhi IND"]
[Date "2025.06.10"]
[Round "5.2"]
[White "Ghosh, Diptayan"]
[Black "Gharibyan, Mamikon"]
[Result "1/2-1/2"]
[WhiteTitle "GM"]
[BlackTitle "GM"]
[WhiteElo "2573"]
[BlackElo "2472"]
[WhiteFideId "5045207"]
[BlackFideId "13308300"]
[EventDate "2025.06.07"]

1. e4 e5 2. Nf3 Nc6 3. Bb5 a6 4. Ba4 Nf6 5. O-O Be7 6. Bxc6 dxc6 7. d3 Qd6 8.
Nbd2 Be6 9. Ng5 Nd7 10. Nxe6 Qxe6 11. Nc4 b5 12. Nd2 O-O 13. Nf3 c5 14. a4 Rfd8
15. Be3 Nb6 16. axb5 axb5 17. b3 Nd7 18. Qd2 Qc6 19. Qc3 Rxa1 20. Rxa1 Ra8 21.
h3 Bd6 22. Ra5 Rxa5 23. Qxa5 Qb7 24. Nd2 f6 25. Qa2 Kf8 26. h4 Nb8 27. c4 c6 28.
Nb1 Qa6 29. Qa3 Qxa3 30. Nxa3 b4 31. Nb1 1/2-1/2

[Event "21st Delhi Open 2025"]
[Site "New Delhi IND"]
[Date "2025.06.10"]
[Round "5.3"]
[White "Savchenko, Boris"]
[Black "Petrosyan, Manuel"]
[Result "1/2-1/2"]
[WhiteTitle "GM"]
[BlackTitle "GM"]
[WhiteElo "2456"]
[BlackElo "2541"]
[WhiteFideId "4147332"]
[BlackFideId "13300857"]
[EventDate "2025.06.07"]

1. e4 e5 2. Nf3 Nc6 3. Bb5 a6 4. Ba4 Nf6 5. O-O Be7 6. d3 b5 7. Bb3 d6 8. a3 O-O
9. Nc3 Na5 10. Ba2 Be6 11. b4 Bxa2 12. Rxa2 Nc6 13. Nd5 a5 14. c4 axb4 15. Nxf6+
Bxf6 16. cxb5 Na7 17. axb4 Nxb5 18. Qc2 Rxa2 19. Qxa2 Qa8 20. Qc4 c6 21. Bb2 Qb7
22. Rc1 Rc8 23. d4 exd4 24. Nxd4 Bxd4 25. Bxd4 Nxd4 26. Qxd4 c5 27. Qc4 Re8 28.
bxc5 dxc5 29. Qxc5 Qxe4 30. g3 h6 1/2-1/2

[Event "21st Delhi Open 2025"]
[Site "New Delhi IND"]
[Date "2025.06.10"]
[Round "5.4"]
[White "Gupta, Abhijeet"]
[Black "Deepan, Chakkravarthy J."]
[Result "1-0"]
[WhiteTitle "GM"]
[BlackTitle "GM"]
[WhiteElo "2538"]
[BlackElo "2410"]
[WhiteFideId "5010608"]
[BlackFideId "5011132"]
[EventDate "2025.06.07"]

1. d4 Nf6 2. c4 e6 3. Nc3 d5 4. cxd5 exd5 5. Bg5 c6 6. e3 h6 7. Bh4 Be7 8. Bd3
O-O 9. Bg3 Nbd7 10. h3 a5 11. Nf3 b5 12. O-O b4 13. Na4 Ne4 14. Bxe4 dxe4 15.
Ne5 Nxe5 16. Bxe5 Be6 17. b3 Ra7 18. Rc1 Bd5 19. Rc2 Rb7 20. Qe2 Rb5 21. Qg4 f6
22. Bf4 g5 23. Bh2 Kh7 24. Qe2 Qd7 25. Rfc1 Kg7 26. Bc7 Bd8 27. Bxd8 Rxd8 28.
Rc5 Rdb8 29. Rxb5 Rxb5 30. Nc5 Qe7 31. Qg4 Kg6 32. Qc8 h5 33. g4 h4 34. Nd7 Qd6
35. Rc5 Kg7 36. Rxb5 cxb5 37. Nc5 a4 38. Qe8 Qc6 39. Qe7+ Kg6 40. Nd7 Bf7 41. d5
Qxd5 42. Qxf6+ Kh7 43. Ne5 1-0

[Event "21st Delhi Open 2025"]
[Site "New Delhi IND"]
[Date "2025.06.10"]
[Round "5.5"]
[White "Harsh, Suresh"]
[Black "Paichadze, Luka"]
[Result "1/2-1/2"]
[WhiteTitle "IM"]
[BlackTitle "GM"]
[WhiteElo "2392"]
[BlackElo "2529"]
[WhiteFideId "45018464"]
[BlackFideId "13602934"]
[EventDate "2025.06.07"]

1. e4 c6 2. d4 d5 3. exd5 cxd5 4. Bd3 Nc6 5. c3 g6 6. Nf3 Bf5 7. O-O Bxd3 8.
Qxd3 Bg7 9. Bf4 Nf6 10. Nbd2 O-O 11. h3 Re8 12. Rfe1 Qb6 13. a4 Nd7 14. Bg3 a6
15. b4 Rac8 16. Nb3 e5 17. dxe5 Ncxe5 18. Nxe5 Nxe5 19. Qxd5 Red8 20. Qa5 Qxa5
21. Nxa5 Nd3 22. Nxb7 Bxc3 23. Red1 Rd4 24. Rab1 Rxb4 25. Rxb4 Nxb4 26. Rc1 Nd3
27. Rc2 Nb4 28. Rc1 Nd3 29. Rc2 Nb4 30. Rc1 Nd3 31. Ra1 1/2-1/2

[Event "21st Delhi Open 2025"]
[Site "New Delhi IND"]
[Date "2025.06.10"]
[Round "5.6"]
[White "Karthik, Venkataraman"]
[Black "Sharma, Dinesh K."]
[Result "1/2-1/2"]
[WhiteTitle "GM"]
[BlackTitle "IM"]
[WhiteElo "2550"]
[BlackElo "2171"]
[WhiteFideId "25006479"]
[BlackFideId "5004110"]
[EventDate "2025.06.07"]

1. e4 e6 2. d4 d5 3. e5 c5 4. c3 Nc6 5. Nf3 Qb6 6. a3 Nh6 7. Bd3 cxd4 8. O-O Nf5
9. b4 Bd7 10. Bb2 Be7 11. cxd4 Rc8 12. Nbd2 a5 13. b5 Ncxd4 14. Nxd4 Nxd4 15.
Qg4 Nxb5 16. Qxg7 Rf8 17. Rab1 Qa7 18. Nf3 Nc3 19. Rbc1 d4 20. Qxh7 Qc5 21. h4
Bc6 22. Bxc3 dxc3 23. Be4 Bxe4 24. Qxe4 b5 25. Rfd1 Rh8 26. g3 b4 27. axb4 axb4
28. Nd4 Rg8 29. Kg2 Qc4 30. Qb7 Kf8 31. Nb3 Rc7 32. Qb6 Qe4+ 33. Kg1 Qxe5 34.
Rd4 Rc8 35. Qb7 Qc7 36. Qe4 Qc6 37. Qd3 Qb6 38. Qf3 Qc6 39. Qd3 Qb6 40. Qf3 Qc6
41. Qd3 1/2-1/2

[Event "21st Delhi Open 2025"]
[Site "New Delhi IND"]
[Date "2025.06.10"]
[Round "5.8"]
[White "Sherla Prathamesh"]
[Black "Aronyak, Ghosh"]
[Result "1/2-1/2"]
[WhiteTitle "CM"]
[BlackTitle "IM"]
[WhiteElo "2259"]
[BlackElo "2510"]
[WhiteFideId "25966987"]
[BlackFideId "25072846"]
[EventDate "2025.06.07"]

1. c4 Nf6 2. Nc3 e6 3. Nf3 d5 4. e3 b6 5. b3 Bb7 6. Be2 dxc4 7. bxc4 c5 8. Qc2
Nc6 9. a3 g6 10. Bb2 Bg7 11. h4 h6 12. Ne4 Qe7 13. Nxf6+ Bxf6 14. d4 cxd4 15.
exd4 Rc8 16. O-O O-O 17. Qd2 Na5 18. Qxh6 Nxc4 19. Bc3 Bxf3 20. Bxf3 a5 21. Qf4
Nxa3 22. Rxa3 Qxa3 23. Qxf6 Rxc3 24. h5 Re8 25. hxg6 Qe7 26. gxf7+ Qxf7 27.
Qxf7+ Kxf7 28. Bh5+ Ke7 29. Bxe8 Kxe8 30. Rb1 Rc6 31. Kf1 Kd7 32. Ke2 Rd6 33.
Ke3 Kc6 34. g4 b5 35. g5 Rd8 36. f4 b4 37. Kd3 Rf8 38. Rf1 a4 39. g6 Rb8 40. g7
b3 41. Kc3 Rg8 42. Rg1 Kd5 43. Kb2 Ke4 44. Ra1 Rxg7 45. Rxa4 Rb7 46. Rc4 Rb6 47.
Rc5 Ke3 48. Ra5 Ke4 49. Rc5 Kd3 50. d5 exd5 1/2-1/2

[Event "21st Delhi Open 2025"]
[Site "New Delhi IND"]
[Date "2025.06.10"]
[Round "5.9"]
[White "Bhoir Paras Dilip"]
[Black "Samant, Aditya S"]
[Result "0-1"]
[BlackTitle "GM"]
[WhiteElo "2249"]
[BlackElo "2498"]
[WhiteFideId "25763695"]
[BlackFideId "35080580"]
[EventDate "2025.06.07"]

1. e4 c6 2. d4 d5 3. e5 Bf5 4. h4 h5 5. Bd3 Bxd3 6. Qxd3 Qa5+ 7. Nd2 e6 8. Nf3
Nh6 9. O-O Nf5 10. c4 Be7 11. g3 Nd7 12. Rd1 Rd8 13. Qe2 O-O 14. cxd5 cxd5 15.
Nf1 Qa6 16. Qxa6 bxa6 17. Ne3 Nxe3 18. Bxe3 Rc8 19. Rac1 a5 20. Rxc8 Rxc8 21.
Rc1 Rxc1+ 22. Bxc1 a4 23. Kf1 Nb8 24. Ke2 Nc6 25. a3 f6 26. Bf4 Kf7 27. Kd3 Bd8
28. exf6 gxf6 29. Nd2 e5 30. dxe5 fxe5 31. Be3 Ke6 32. f3 Kf5 33. Bf2 Bf6 34.
Bc5 Bg7 35. Bf2 e4+ 36. fxe4+ dxe4+ 37. Nxe4 Ne5+ 38. Ke3 Ng4+ 39. Kf3 Nxf2 40.
Nxf2 Bxb2 41. g4+ hxg4+ 42. Nxg4 Bxa3 43. Ne3+ Ke6 44. Ke4 Bb2 45. Nc2 a5 46.
Kd3 a3 47. Kc4 a2 48. Kb5 Bc3 49. Ka4 Kf6 50. h5 Kg5 51. Na1 Bxa1 52. Kb3 Kxh5
53. Kxa2 Bf6 54. Kb3 Kg5 55. Kc4 Kf5 56. Kb5 Bd8 57. Ka4 Ke5 58. Kb3 Kd5 59. Kc3
Kc5 60. Kd3 Kb4 0-1

[Event "21st Delhi Open 2025"]
[Site "New Delhi IND"]
[Date "2025.06.10"]
[Round "5.10"]
[White "Neelash, Saha"]
[Black "Aarav Sinha"]
[Result "1-0"]
[WhiteTitle "IM"]
[BlackTitle "FM"]
[WhiteElo "2456"]
[BlackElo "2255"]
[WhiteFideId "5094160"]
[BlackFideId "25674064"]
[EventDate "2025.06.07"]

1. d4 Nf6 2. Nf3 d5 3. a3 e6 4. Nbd2 c5 5. dxc5 Bxc5 6. e3 Nbd7 7. c4 a5 8. Be2
O-O 9. O-O b6 10. Nb3 Bb7 11. cxd5 Bxd5 12. Bb5 Qe7 13. Nfd4 e5 14. Ne2 Qe6 15.
Nd2 Rfd8 16. Nc3 Bb7 17. Qe2 e4 18. Nb3 Rac8 19. Nd4 Qe5 20. Na4 Bd6 21. f4 exf3
22. gxf3 Qh5 23. e4 Qg6+ 24. Qg2 Qxg2+ 25. Kxg2 Be5 26. Be3 Bxd4 27. Bxd4 Bc6
28. Bxc6 Rxc6 29. Rac1 Rdc8 30. Rxc6 Rxc6 31. Rd1 h6 32. Nc3 Re6 33. Kf2 g5 34.
h3 Kf8 35. Nb5 h5 36. Rc1 g4 37. Rc8+ Re8 38. Rxe8+ Kxe8 39. Nd6+ Kf8 40. Nc4
gxh3 41. Kg3 a4 42. Kxh3 Ke7 43. Bxb6 Ke6 44. Bd4 Ne8 45. Ne3 Nd6 46. Nd5 Nc4
47. Nf4+ Kd6 48. Nxh5 Nde5 49. Kg2 Nd3 50. Kf1 Ndxb2 51. Ke2 Ke6 52. Ng7+ Kd6
53. Nf5+ Ke6 54. f4 Kd7 55. Bxb2 Nxb2 56. Ne3 Kc6 57. Kd2 Kc5 58. Kc3 f6 59.
Kxb2 Kd4 60. e5 1-0

[Event "21st Delhi Open 2025"]
[Site "New Delhi IND"]
[Date "2025.06.10"]
[Round "5.11"]
[White "Sanikidze, Tornike"]
[Black "Gaikwad Manas"]
[Result "1/2-1/2"]
[WhiteTitle "GM"]
[WhiteElo "2425"]
[BlackElo "2232"]
[WhiteFideId "13602608"]
[BlackFideId "25912410"]
[EventDate "2025.06.07"]

1. e4 c5 2. Nf3 d6 3. c3 Nf6 4. Bd3 g6 5. O-O Bg7 6. Bc2 O-O 7. h3 e5 8. Re1 Nc6
9. d3 d5 10. Nbd2 Rb8 11. exd5 Nxd5 12. Nc4 Qc7 13. a4 h6 14. Bb3 Be6 15. Bd2
Rbd8 16. Qc2 Nf4 17. Bxf4 exf4 18. Ncd2 Bf5 19. Ne4 Ne5 20. Nxe5 Bxe5 21. Qe2
Bg7 22. Bc4 Rfe8 23. Qf3 Be6 24. Nd2 Bxc4 25. Nxc4 b6 26. Re4 Qd7 27. Qxf4 Qxd3
28. Rae1 Qd7 29. a5 b5 30. Ne5 Bxe5 31. Rxe5 Rxe5 32. Rxe5 Qd1+ 33. Kh2 Qd6 34.
g3 Kg7 35. Qe3 Rc8 36. Re7 Rc7 37. Re8 Rd7 38. Rc8 Rc7 39. Re8 Rd7 40. h4 h5 41.
Rc8 Rc7 42. Re8 Rd7 43. Re5 Rc7 44. Kg1 a6 45. Kh2 c4 46. Re8 Rd7 47. Ra8 Re7
48. Qb6 Re6 49. Qxd6 Rxd6 1/2-1/2

[Event "21st Delhi Open 2025"]
[Site "New Delhi IND"]
[Date "2025.06.10"]
[Round "5.12"]
[White "Hari, Madhavan N B"]
[Black "Alekhya, Mukhopadhyay"]
[Result "0-1"]
[WhiteTitle "IM"]
[WhiteElo "2386"]
[BlackElo "2192"]
[WhiteFideId "25054309"]
[BlackFideId "25600826"]
[EventDate "2025.06.07"]

1. d4 f5 2. g3 Nf6 3. Bg2 e6 4. c4 Be7 5. Nc3 O-O 6. e3 d6 7. Nge2 e5 8. O-O c6
9. e4 fxe4 10. Nxe4 Nxe4 11. Bxe4 Bh3 12. Bg2 Bxg2 13. Kxg2 Nd7 14. Be3 Bg5 15.
Bxg5 Qxg5 16. d5 Qg6 17. Nc3 Nc5 18. Qe2 a5 19. Rad1 Rae8 20. Kg1 h5 21. Rfe1 e4
22. Qd2 Qf5 23. dxc6 bxc6 24. Qf4 Qxf4 25. gxf4 Re6 26. f3 Rg6+ 27. Kf1 exf3 28.
Rd4 Rg2 29. Re3 Rf6 30. b3 Rxh2 31. Rxf3 g5 32. Kg1 Rc2 33. Ne4 Nxe4 34. Rxe4 g4
35. Rfe3 Rxa2 36. Re7 Rf7 37. R7e6 Rd2 38. Rh6 Rf5 39. Re7 Rd4 40. Rc7 Rdxf4 41.
Rg6+ Kf8 42. Rxd6 Rf7 43. Rc8+ Kg7 44. Rdd8 h4 45. Rg8+ Kf6 46. Rh8 h3 47. Rxc6+
Ke5 48. Rd8 Rf1+ 49. Kh2 R1f2+ 50. Kh1 g3 51. Rd5+ Kf4 52. Rd1 Kf3 53. Rd3+ Kf4
54. Rd1 Rg7 55. Rf6+ Ke3 56. Re6+ Kf3 57. Rd3+ Kg4 58. Re1 Rgf7 59. Rdd1 Rf1+
60. Rxf1 Rxf1+ 61. Rxf1 g2+ 62. Kg1 Kg3 0-1

[Event "21st Delhi Open 2025"]
[Site "New Delhi IND"]
[Date "2025.06.10"]
[Round "5.13"]
[White "Mukund Hemant Agarwal"]
[Black "Aleksandrov, Aleksej"]
[Result "1/2-1/2"]
[BlackTitle "GM"]
[WhiteElo "2173"]
[BlackElo "2370"]
[WhiteFideId "25679791"]
[BlackFideId "13500139"]
[EventDate "2025.06.07"]

1. e4 e5 2. Nf3 Nc6 3. Bb5 Nf6 4. O-O Nxe4 5. Re1 Nd6 6. Nxe5 Be7 7. Bf1 Nxe5 8.
Rxe5 O-O 9. d4 Bf6 10. Re1 Re8 11. Bf4 Rxe1 12. Qxe1 Ne8 13. c3 d5 14. Bd3 g6
15. Nd2 Ng7 16. Nf3 Bf5 17. Bxf5 Nxf5 18. Qd2 c6 19. Re1 Bg7 20. h3 Bf8 21. Qe2
Qf6 22. Qe5 Qxe5 23. Nxe5 f6 24. Nd7 Kf7 25. Nxf8 Rxf8 26. f3 g5 27. Bh2 h5 28.
g4 Nh4 29. Kf2 Rh8 30. Bg3 Ng6 31. Kg2 Nf8 32. f4 gxf4 33. Bxf4 Ne6 34. Bd2 hxg4
35. hxg4 b6 36. Rh1 Rxh1 37. Kxh1 a5 38. Kg2 a4 39. Kf3 Kg6 40. b3 b5 41. Be3 f5
42. Kg3 Kf6 43. Kf3 Nf8 44. Kf4 Ng6+ 45. Kf3 Ke6 46. Bg5 Nf8 47. Kf4 fxg4 48.
Kxg4 Nd7 49. Bd8 c5 50. bxa4 bxa4 51. dxc5 Nxc5 52. Kf3 Ne4 53. Ba5 Nd6 54. Ke2
Kd7 55. Bb4 Nc4 56. Kd3 Kc7 57. Kd4 Kc6 58. Bf8 Nd2 59. Ke3 Nf1+ 60. Kf2 Nd2 61.
Ke3 Nc4+ 62. Kd4 Nb6 63. Bc5 Nc4 64. Bf8 1/2-1/2

[Event "21st Delhi Open 2025"]
[Site "New Delhi IND"]
[Date "2025.06.10"]
[Round "5.14"]
[White "Sharnarthi Shlok"]
[Black "Fedorov, Alexei"]
[Result "0-1"]
[BlackTitle "GM"]
[WhiteElo "2137"]
[BlackElo "2370"]
[WhiteFideId "25977776"]
[BlackFideId "13500465"]
[EventDate "2025.06.07"]

1. Nf3 Nf6 2. g3 g6 3. Bg2 Bg7 4. O-O O-O 5. d3 c5 6. e4 Nc6 7. c3 d6 8. h3 Rb8
9. a4 a6 10. Be3 b5 11. axb5 axb5 12. Nbd2 e5 13. d4 exd4 14. cxd4 c4 15. d5 Nb4
16. Bd4 Re8 17. Ne1 Nd7 18. Bc3 Na6 19. Nc2 Ne5 20. Nf3 Nd3 21. Bxg7 Kxg7 22.
Nfd4 Qf6 23. Rb1 Nac5 24. b3 Nxe4 25. bxc4 Ndxf2 26. Qe1 Bxh3 27. Rxb5 Bxg2 28.
Kxg2 Qe5 29. Qe3 Ng4 30. Qf3 Nef6 31. Rxb8 Rxb8 32. Re1 Qh5 33. Rh1 Ne5 34. Qf4
Qg4 35. Qh6+ Kg8 36. Rh4 Qd1 37. Rh1 Qd3 38. Qf4 Nfg4 39. Rf1 Rb2 0-1

[Event "21st Delhi Open 2025"]
[Site "New Delhi IND"]
[Date "2025.06.10"]
[Round "5.15"]
[White "Daksh Goyal"]
[Black "Tologon tegin, Semetei"]
[Result "1/2-1/2"]
[BlackTitle "IM"]
[WhiteElo "2100"]
[BlackElo "2322"]
[WhiteFideId "25100149"]
[BlackFideId "13800574"]
[EventDate "2025.06.07"]

1. Nf3 g6 2. d4 Bg7 3. g3 c5 4. Bg2 cxd4 5. Nxd4 Nc6 6. Nb3 Nf6 7. O-O O-O 8. c4
d6 9. Nc3 Na5 10. Nxa5 Qxa5 11. Bd2 Qh5 12. e4 Bg4 13. f3 Bh3 14. Qe2 Bxg2 15.
Kxg2 Rfc8 16. Rac1 a6 17. b4 Qe5 18. Qd3 Qe6 19. Nd5 Nxd5 20. exd5 Qd7 21. Rfe1
Re8 22. h4 h5 23. Re2 Rac8 24. Bg5 e6 25. dxe6 Rxe6 26. Rce1 Rxe2+ 27. Rxe2 Qc6
28. Bf4 Bf8 29. Rc2 Qa4 30. Qb3 Qxb3 31. axb3 d5 32. c5 f5 33. Rd2 Rd8 34. Bc7
Rd7 35. Be5 Kf7 36. Kf2 Ke6 37. Re2 Be7 38. Bd4+ Kf7 39. Ke3 Bf6 40. Kd3 f4 41.
gxf4 Bxh4 42. f5 Bg3 43. fxg6+ Kxg6 44. Re6+ Kf5 45. Rh6 h4 46. Bf6 Kf4 47. Bxh4
Bxh4 48. Rxh4+ Kxf3 49. Kd4 Ke2 50. Rh5 Kd2 51. Rh2+ Kc1 52. Rf2 Kd1 53. Rh2 Kc1
54. Rf2 Kd1 55. b5 axb5 56. b4 Kc1 57. Ra2 Rh7 58. Kxd5 Rh4 59. Ra7 Rxb4 60.
Rxb7 Rb3 61. c6 b4 62. Rb6 Kc2 63. c7 Rd3+ 64. Kc6 Rc3+ 65. Kb7 b3 66. c8=Q Rxc8
67. Kxc8 b2 68. Rxb2+ Kxb2 1/2-1/2

[Event "21st Delhi Open 2025"]
[Site "New Delhi IND"]
[Date "2025.06.10"]
[Round "5.16"]
[White "Saravana, Krishnan P."]
[Black "Sri Charan Sandipagu"]
[Result "1-0"]
[WhiteTitle "IM"]
[WhiteElo "2272"]
[BlackElo "2018"]
[WhiteFideId "5018382"]
[BlackFideId "25174657"]
[EventDate "2025.06.07"]

1. e4 c5 2. Nf3 d6 3. Nc3 Nf6 4. e5 dxe5 5. Nxe5 Nbd7 6. d4 e6 7. Bb5 a6 8.
Bxd7+ Nxd7 9. Qf3 Nxe5 10. dxe5 Qc7 11. Bf4 Bd7 12. O-O-O Be7 13. h4 O-O 14. Qg4
Kh8 15. Ne4 Bc6 16. Ng5 Qa5 17. Kb1 Kg8 18. Rd3 Bxg5 19. hxg5 Rfd8 20. g6 Rxd3
21. gxf7+ Kf8 22. cxd3 Qb5 23. Qxe6 Qxd3+ 24. Ka1 Rd8 25. Rc1 Qd5 26. Qh3 Qxf7
27. Be3 Kg8 28. Bxc5 Bd7 29. Qe3 Rc8 30. Rd1 Be6 31. f4 h6 32. Re1 Qd7 33. Bd6
Qa4 34. b3 Qa5 35. Kb2 Qd5 36. Re2 Qc6 37. Bb4 Bg4 38. Rf2 Bf5 39. Bc3 Rd8 40.
Bd4 Rc8 41. Bc3 Rd8 42. Rd2 Rxd2+ 43. Qxd2 Qe4 44. g3 Kh7 45. Ka3 Qf3 46. Qe1
Qd5 47. Qe2 Qd7 48. Qc4 Be6 49. Qe4+ Bf5 50. Qb4 Qc6 51. Qd4 Qd7 52. Qxd7 Bxd7
53. Kb4 Kg6 54. Kc5 Bf5 55. Kb6 Be4 56. e6 Bc6 57. g4 Bf3 58. Kc7 Bc6 59. Kd8
Bb5 60. f5+ Kg5 61. Bxg7 Kxg4 62. f6 1-0

[Event "21st Delhi Open 2025"]
[Site "New Delhi IND"]
[Date "2025.06.10"]
[Round "6.2"]
[White "Neelash, Saha"]
[Black "Ghosh, Diptayan"]
[Result "1/2-1/2"]
[WhiteTitle "IM"]
[BlackTitle "GM"]
[WhiteElo "2456"]
[BlackElo "2573"]
[WhiteFideId "5094160"]
[BlackFideId "5045207"]
[EventDate "2025.06.07"]

1. d4 Nf6 2. Nf3 d5 3. a3 e6 4. Bf4 c5 5. e3 Qb6 6. b3 Nbd7 7. Ne5 Bd6 8. Nd2
Qc7 9. Nxd7 Bxd7 10. Bxd6 Qxd6 11. dxc5 Qxc5 12. c4 dxc4 13. Nxc4 O-O 14. b4 Qc7
15. Qd6 Rac8 16. Qxc7 Rxc7 17. Ne5 Ba4 18. Bd3 Rfc8 19. Kd2 Bc2 20. Rhc1 Ne4+
21. Bxe4 Bxe4 22. f3 f6 23. Rxc7 Rxc7 24. fxe4 fxe5 25. Rc1 Rxc1 26. Kxc1 b5 27.
Kd2 Kf7 28. Ke2 Kf6 29. Kf3 h5 30. h4 g6 1/2-1/2

[Event "21st Delhi Open 2025"]
[Site "New Delhi IND"]
[Date "2025.06.10"]
[Round "6.3"]
[White "Petrosyan, Manuel"]
[Black "Harsh, Suresh"]
[Result "1-0"]
[WhiteTitle "GM"]
[BlackTitle "IM"]
[WhiteElo "2541"]
[BlackElo "2392"]
[WhiteFideId "13300857"]
[BlackFideId "45018464"]
[EventDate "2025.06.07"]

1. Nf3 d5 2. d4 Nf6 3. c4 e6 4. Nc3 Nbd7 5. cxd5 exd5 6. Qc2 Bb4 7. Bf4 Ne4 8.
e3 g5 9. Be5 O-O 10. Bd3 Nxe5 11. Nxe5 f6 12. Bxe4 Bxc3+ 13. bxc3 dxe4 14. Nc4
Be6 15. Nd2 f5 16. c4 c6 17. O-O b5 18. a4 a6 19. Rfc1 Qd6 20. Qd1 Kg7 21. Qe2
Rab8 22. axb5 axb5 23. Ra6 Bxc4 24. Nxc4 bxc4 25. Qxc4 Qd5 26. Qxc6 Qxc6 27.
Raxc6 Rb2 28. h3 h5 29. Rc7+ Rf7 30. Rxf7+ Kxf7 31. Rc5 Kg6 32. g4 hxg4 33. hxg4
fxg4 34. Kg2 Kh5 35. Rc8 Rd2 36. Re8 Rd1 37. Rxe4 Rd2 38. Re8 Rd1 39. Rg8 Kh6
40. Rd8 Kg6 41. Rh8 Kf6 42. Rh1 Rd2 43. Kg3 Kf5 44. Rc1 Kg6 45. Rc8 Kh6 46. Rg8
Kh5 47. Re8 Kg6 48. Re4 Kf5 49. Rxg4 Rc2 50. f4 gxf4+ 51. Rxf4+ Ke6 52. Kf3 Kd5 1-0

[Event "21st Delhi Open 2025"]
[Site "New Delhi IND"]
[Date "2025.06.10"]
[Round "6.4"]
[White "Paichadze, Luka"]
[Black "Saravana, Krishnan P."]
[Result "1-0"]
[WhiteTitle "GM"]
[BlackTitle "IM"]
[WhiteElo "2529"]
[BlackElo "2272"]
[WhiteFideId "13602934"]
[BlackFideId "5018382"]
[EventDate "2025.06.07"]

1. e4 c6 2. d4 d5 3. e5 Bf5 4. h4 a6 5. c4 e6 6. Nc3 dxc4 7. Bxc4 h6 8. Nge2 Ne7
9. Be3 Nd7 10. Ng3 Bh7 11. Bb3 Nb6 12. Nce4 Nf5 13. Nxf5 Bxf5 14. Nc5 Qc7 15.
Rc1 O-O-O 16. Qf3 Nd5 17. O-O Kb8 18. Bxd5 Rxd5 19. b4 Bxc5 20. bxc5 Rhd8 21.
Rfd1 R8d7 22. Rd2 Qd8 23. Qg3 Qh8 24. Rc3 Qh7 25. h5 g6 26. Qf3 Qg8 27. Rb3 gxh5
28. Qxh5 Kc8 29. Rdb2 Bg4 30. Qxh6 Bd1 31. Rc3 f6 32. Bf4 Bg4 33. Rg3 f5 34. Be3
Rh7 35. Qf4 Qh8 36. f3 Bh5 37. Qg5 Bf7 38. Kf2 Qe8 39. Qf6 Rd8 40. Rg7 Rxg7 41.
Qxg7 Qd7 42. Qf6 Rg8 43. Qh4 Bg6 44. Bg5 Qd5 45. Be7 Qc4 46. Bd6 Be8 47. Qf4 Rh8
48. Re2 Rg8 49. Qd2 f4 50. Re4 Bg6 51. Rxf4 Rh8 52. Qa5 1-0

[Event "21st Delhi Open 2025"]
[Site "New Delhi IND"]
[Date "2025.06.10"]
[Round "6.6"]
[White "Alekhya, Mukhopadhyay"]
[Black "Samant, Aditya S"]
[Result "1/2-1/2"]
[BlackTitle "GM"]
[WhiteElo "2192"]
[BlackElo "2498"]
[WhiteFideId "25600826"]
[BlackFideId "35080580"]
[EventDate "2025.06.07"]

1. e4 c6 2. d4 d5 3. f3 e6 4. Nc3 Bb4 5. Bd2 Ne7 6. Nce2 Ba5 7. Bxa5 Qxa5+ 8.
Qd2 Qxd2+ 9. Kxd2 dxe4 10. fxe4 Nd7 11. Nf3 c5 12. c3 b6 13. Nf4 Bb7 14. Bd3 O-O
15. e5 Rfd8 16. Ke3 cxd4+ 17. cxd4 Nf8 18. Be4 Bxe4 19. Kxe4 Nfg6 20. Nxg6 hxg6
21. Rac1 Nd5 22. h4 Rac8 23. a3 Kf8 24. g4 Ke7 25. Nd2 f5+ 26. gxf5 gxf5+ 27.
Kf3 Rh8 28. Kg3 Kd7 29. Nf3 a5 30. Kf2 Rxc1 31. Rxc1 Rc8 32. Rxc8 Kxc8 33. a4
Kd7 34. Ke2 Kc6 35. Kd3 b5 36. Ng5 Nc7 37. b3 Kb6 38. Nf7 Kc6 39. Ng5 Kb6 40.
Nf7 Kc6 1/2-1/2

[Event "21st Delhi Open 2025"]
[Site "New Delhi IND"]
[Date "2025.06.10"]
[Round "6.7"]
[White "Gharibyan, Mamikon"]
[Black "Manik, Mikulas"]
[Result "1-0"]
[WhiteTitle "GM"]
[BlackTitle "GM"]
[WhiteElo "2472"]
[BlackElo "2266"]
[WhiteFideId "13308300"]
[BlackFideId "14900734"]
[EventDate "2025.06.07"]

1. e4 c5 2. Nf3 d6 3. Bb5+ Nd7 4. O-O Nf6 5. Re1 a6 6. Bf1 e6 7. c3 Be7 8. d4
O-O 9. a4 b6 10. d5 e5 11. Na3 Re8 12. Nc4 Bf8 13. b4 Qc7 14. Rb1 Rb8 15. Na3 g6
16. Rb2 Bg7 17. Bd3 h6 18. b5 a5 19. Nc4 Bb7 20. g3 Rbd8 21. Nh4 Nf8 22. Rbe2
Bc8 23. Bd2 Bh3 24. Qc1 Kh7 25. f3 Nh5 26. Rf2 Rb8 27. Kh1 Qe7 28. Ng2 Nd7 29.
Nge3 Bf6 30. Ng4 Bg5 31. Rg1 Kg7 32. f4 Bxg4 33. fxg5 hxg5 34. Bxg5 f6 35. Bh6+
Kh7 36. Ne3 Bh3 37. g4 Nf4 38. Bxf4 exf4 39. Rxf4 Kg7 40. Qe1 Rh8 41. Qg3 Ne5
42. Bf1 Bxf1 43. Nf5+ gxf5 44. gxf5+ Kf8 45. Rh4 Ke8 1-0

[Event "21st Delhi Open 2025"]
[Site "New Delhi IND"]
[Date "2025.06.10"]
[Round "6.8"]
[White "Sharma, Dinesh K."]
[Black "Savchenko, Boris"]
[Result "0-1"]
[WhiteTitle "IM"]
[BlackTitle "GM"]
[WhiteElo "2171"]
[BlackElo "2456"]
[WhiteFideId "5004110"]
[BlackFideId "4147332"]
[EventDate "2025.06.07"]

1. e4 c5 2. Nf3 Nc6 3. d4 cxd4 4. Nxd4 Nf6 5. Nc3 d6 6. Bg5 e6 7. Qd2 Be7 8.
O-O-O O-O 9. f4 Nxd4 10. Qxd4 Qa5 11. Bc4 Bd7 12. e5 dxe5 13. fxe5 Bc6 14. Bd2
Nd7 15. Nd5 Qc5 16. Nxe7+ Qxe7 17. Rhe1 Rfd8 18. Qg4 Nf8 19. Bd3 Rd5 20. Be4 Rd7
21. Bb4 Rxd1+ 22. Rxd1 Qc7 23. Bd6 Qb6 24. Kb1 Rc8 25. b3 Nd7 26. Kb2 h6 27. Qf3
Bxe4 28. Qxe4 Qf2 29. Kb1 b5 30. Rc1 Nb6 31. Qb7 Qd2 32. a3 h5 33. Bb4 Qd7 34.
Qxd7 Nxd7 35. Re1 Kh7 36. Kb2 g5 37. h3 h4 38. Bd6 Kg6 39. Re3 Nb6 40. g4 Nd5
41. Rf3 Nf4 42. a4 a6 43. axb5 axb5 44. c3 Rc6 45. Ba3 f5 46. exf6 Kxf6 47. Kc2
e5 48. Bb2 Ke6 49. Re3 Rc5 50. Ba3 Rc8 51. Bb2 Ng6 52. Rf3 Nf4 53. Re3 Nd5 54.
Re4 Rf8 55. c4 Nb4+ 56. Kd2 Rd8+ 57. Kc3 Nd3 58. cxb5 Nf2 59. Re2 Nxh3 60. Kc4
Rc8+ 61. Kb4 Nf4 62. Rxe5+ Kd6 63. Ka5 Nd5 64. b6 Rc5+ 65. Ka6 Nb4+ 66. Kb7 Rxe5
67. Bxe5+ Kxe5 68. Kc8 h3 69. b7 Na6 70. b4 h2 71. b5 h1=Q 72. bxa6 Qc6+ 73. Kd8
Qb6+ 0-1